|
|
|
|
| LEADER |
01052nam a2200253 a 4500 |
| 001 |
000093335 |
| 003 |
CZ BrMZK |
| 005 |
20040715155402.0 |
| 008 |
010907s1996 xo f slo d |
| 020 |
|
|
|a 80-233-0363-5
|
| 040 |
|
|
|a BOA001
|b cze
|
| 080 |
|
|
|a 624.9(061.3)
|2 MRF
|
| 080 |
|
|
|a 699.82(061.3)
|2 MRF
|
| 245 |
0 |
0 |
|a Hydroizolácie a povrchové úpravy v pozemných stavbách :
|b Bratislava, 15.-16.5.1996 : medzinárodné sympózium : zborník : sprievodné podujatie medzinárodného stavebného veĺtrhu CONECO 96 /
|c [Autori: koletív]Odborní garanti: Jozef Oláh, Zuzana Sternová
|
| 250 |
|
|
|a Vyd. 1.
|
| 260 |
|
|
|a Bratislava :
|b Dom techniky ZSVTS,
|c 1996
|
| 300 |
|
|
|a 154 s. :
|b il. ;
|c 21 cm
|
| 500 |
|
|
|a Bibliogr.
|
| 653 |
0 |
|
|a hydroizolace
|a pozemní stavby
|
| 700 |
1 |
|
|a Oláh, Jozef,
|d 1946-
|7 mzk2002140011
|4 aut
|4 oth
|
| 700 |
1 |
|
|a Sternová, Zuzana,
|d 1947-
|7 mzk2002139999
|4 aut
|4 oth
|
| 910 |
|
|
|a BOA001
|b TK-0259.647
|
| 990 |
|
|
|a BK
|
| 996 |
7 |
|
|b 2620005142
|c TK-0259.647
|l MZK
|r Sklad / do 24 hodin
|n 17
|p kup
|w 000093335
|u 000010
|a 1
|e BOA001
|j MZK50
|s A
|